000 00339nam a2200133Ia 4500
005 20260328104334.0
008 260328s9999||||xx |||||||||||||| ||und||
100 _aGruft, Andrew
245 0 _aSubstance Over Spectacle /
_cAndrew Gruft
260 _bArsenal Pulp Press
300 _a221 p.
650 _aCAMBIOS CLIMÁTICOS
942 _cBK
999 _c11821
_d11821